书目信息 |
| 题名: |
毛泽东 周恩来 刘少奇 邓小平论教育
|
|
| 作者: | 毛泽东 周恩来 刘少奇 邓小平 | |
| 分册: | ||
| 出版信息: | 北京 人民教育出版社 34394 |
|
| 页数: | 392页 | |
| 开本: | 20cm | |
| 丛书名: | ||
| 单 册: | ||
| 中图分类: | G411 | |
| 科图分类: | ||
| 主题词: | 思想政治教育--学校教育 , 德育--学校教育 | |
| 电子资源: | ||
| ISBN: | 7-107-11049-7 | |
| 000 | 00719nam0 2200193 450 | |
| 001 | 0728815141 | |
| 005 | 20070819080015.14 | |
| 010 | @a7-107-11049-7@d¥9.70 | |
| 100 | @a20070819d km y0chiy0120 ea | |
| 101 | 0 | @achi |
| 200 | 1 | @a毛泽东 周恩来 刘少奇 邓小平论教育@Amao ze dong zhou en lai liu shao qi deng xiao ping lun jiao yu@f毛泽东 周恩来 刘少奇 邓小平@Fmao ze dong zhou en lai liu shao qi deng xiao ping |
| 210 | @a北京@c人民教育出版社@d34394 | |
| 215 | @a392页@d20cm | |
| 606 | 0 | @a思想政治教育--学校教育 |
| 606 | 0 | @a德育--学校教育 |
| 690 | @aG411@v3 | |
| 701 | 0 | @a毛泽东 周恩来 刘少奇 邓小平@Amao ze dong zhou en lai liu shao qi deng xiao ping |
| 801 | 0 | @aCN@bPFT@c20070819 |
| 905 | @a213230@dG411@eZW32@f1 | |
| 毛泽东 周恩来 刘少奇 邓小平论教育/毛泽东 周恩来 刘少奇 邓小平.-北京:人民教育出版社,34394 |
| 392页;20cm |
| ISBN 7-107-11049-7:¥9.70 |
| ● |
| 相关链接 |
|
|
|
|
正题名:毛泽东 周恩来 刘少奇 邓小平论教育
索取号:G411/ZW32
 
预约/预借
| 序号 | 登录号 | 条形码 | 馆藏地/架位号 | 状态 | 备注 |
| 1 | 7613855 | 276138555 | 密集书库-文学院/ [索取号:G411/ZW32] | 在馆 |